| 000 | 00480nam a22001817a 4500 | ||
|---|---|---|---|
| 999 |
_c196479 _d196479 |
||
| 005 | 20230628113548.0 | ||
| 010 | _aENG-137184 | ||
| 020 |
_a978938070858 _c175.00 |
||
| 035 | _aEN-120716 | ||
| 037 | _bDBAD/PUB | ||
| 082 | _aN | ||
| 100 | _alondon, Jack | ||
| 245 |
_aThe call of The Wild/ _cBy Jack London |
||
| 260 |
_aUttar Pradesh _bOm Kidz _c2012 |
||
| 270 |
_aA -12, Sector 64,Noida _bUttar Pradesh _e201301 |
||
| 300 |
_a 190p.; _c21cm(Hbk) |
||
| 942 |
_2ddc _cEN _mLON _hN |
||